{"text_format":"3","workbook":"xlsx","n_sheets":3,"sheets":["Sheet1","Sheet2","Sheet3"],"read":"whole","date_system":"1900"}

{"sheet":"Sheet1","index":0,"n_rows":71,"n_cols":6,"rows_kept":71,"merged":[[0,0,0,5]]}
["2017年11月份集中采购询价"]
["名称","单位","数量","单价","金额","参 加 询 价 人 员"]
["直尺300","把",2,9,18,"朱亚利  朱利民  王留刚"]
["割刀刃","个",10,8,80,"朱亚利  朱利民  王留刚"]
["东成-10充电钻","合",3,380,1140,"朱亚利  朱利民  王留刚"]
["得力两用螺刀","把",5,13,65,"朱亚利  朱利民  王留刚"]
["斜口钳","把",5,18,90,"朱亚利  朱利民  王留刚"]
["剥线钳","把",3,28,84,"朱亚利  朱利民  王留刚"]
["钻头∅4.2","支",10,3.9,39,"朱亚利  朱利民  王留刚"]
["∅5","支",2,4.5,9,"朱亚利  朱利民  王留刚"]
["∅6","支",2,7,14,"朱亚利  朱利民  王留刚"]
["∅8","支",1,12,12,"朱亚利  朱利民  王留刚"]
["∅10","支",1,18,18,"朱亚利  朱利民  王留刚"]
["钢丝钳世达","把",2,56,112,"朱亚利  朱利民  王留刚"]
["尖嘴钳世达","把",2,45,90,"朱亚利  朱利民  王留刚"]
["斜口钳世达","把",2,45,90,"朱亚利  朱利民  王留刚"]
["热熔焊接机75-110","台",1,480,480,"朱亚利  朱利民  王留刚"]
["宏博塑料焊枪1600w","台",1,930,930,"朱亚利  朱利民  王留刚"]
["焊条PP","kg",5,30,150,"朱亚利  朱利民  王留刚"]
["6mm数字钢号","套",2,30,60,"朱亚利  朱利民  王留刚"]
["锯弓","把",50,18,900,"朱亚利  朱利民  王留刚"]
["锯条","根",9000,0.3,2700,"朱亚利  朱利民  王留刚"]
["6#锉刀","把",50,7.5,375,"朱亚利  朱利民  王留刚"]
["8#锉刀","把",50,8.5,425,"朱亚利  朱利民  王留刚"]
["10#锉刀","把",50,11,550,"朱亚利  朱利民  王留刚"]
["12#锉刀","把",50,14,700,"朱亚利  朱利民  王留刚"]
["8#方锉","把",50,9,450,"朱亚利  朱利民  王留刚"]
["150mm台虎钳","台",6,280,1680,"朱亚利  朱利民  王留刚"]
["游标卡尺","把",1,135,135,"朱亚利  朱利民  王留刚"]
["∅4钻头","合",2,15,30,"朱亚利  朱利民  王留刚"]
["∅6钻头","合",2,25,50,"朱亚利  朱利民  王留刚"]
["∅7钻头","合",2,40,80,"朱亚利  朱利民  王留刚"]
["∅8钻头","合",2,65,130,"朱亚利  朱利民  王留刚"]
["∅10钻头","合",2,65,130,"朱亚利  朱利民  王留刚"]
["钢丝钳得力","把",3,22,66,"朱亚利  朱利民  王留刚"]
["线手套","双",700,1.5,1050,"朱亚利  朱利民  王留刚"]
["内六方扳手","套",2,26,52,"朱亚利  朱利民  王留刚"]
["样冲世达","套",5,115,575,"朱亚利  朱利民  王留刚"]
["錾子","把",10,28,280,"朱亚利  朱利民  王留刚"]
["园锉","把",20,8.5,170,"朱亚利  朱利民  王留刚"]
["螺丝刀得力两用","把",3,9,27,"朱亚利  朱利民  王留刚"]
["面包板","个",15,13,195,"吉利峰  李力厚  王留刚"]
["色环电阻","个",1000,0.1,100,"吉利峰  李力厚  王留刚"]
["可变电阻","个",60,0.5,30,"吉利峰  李力厚  王留刚"]
["光敏电阻","个",15,1.5,22.5,"吉利峰  李力厚  王留刚"]
["瓷片电容","个",90,0.3,27,"吉利峰  李力厚  王留刚"]
["电解电容1uF，47uF，470uF","个",120,0.35,42,"吉利峰  李力厚  王留刚"]
["电解电容100uF，220uF，470uF","个",90,0.8,72,"吉利峰  李力厚  王留刚"]
["二极管","个",50,0.2,10,"吉利峰  李力厚  王留刚"]
["发光二极管，白，绿，黄","个",150,0.25,37.5,"吉利峰  李力厚  王留刚"]
["三极管","个",120,0.3,36,"吉利峰  李力厚  王留刚"]
["相序检测","个",3,25,75,"吉利峰  李力厚  王留刚"]
["CMOS采成电洛","个",60,3,180,"吉利峰  李力厚  王留刚"]
["555时基集成电路","个",30,2,60,"吉利峰  李力厚  王留刚"]
["拨码开关4位","个",15,2.8,42,"吉利峰  李力厚  王留刚"]
["扬声器852","个",15,3.5,52.5,"吉利峰  李力厚  王留刚"]
["驻基话筒","只",15,2,30,"吉利峰  李力厚  王留刚"]
["电池合","只",15,3,45,"吉利峰  李力厚  王留刚"]
["导线","米",50,1,50,"吉利峰  李力厚  王留刚"]
["扎带100","包",50,11.5,575,"吉利峰  李力厚  王留刚"]
["扎带120","包",50,12.5,625,"吉利峰  李力厚  王留刚"]
["晾衣架","个",6,135,810,"李丙申  王丛兰  王留刚"]
["实木床头柜","个",6,365,2190,"李丙申  王丛兰  王留刚"]
["PPR∅1.6管","米",12,32.7,392.4,"李丙申  王丛兰  王留刚"]
["∅63管古","个",10,6.87,68.7,"李丙申  王丛兰  王留刚"]
["∅63阀门","个",10,88.54,885.4,"李丙申  王丛兰  王留刚"]
["∅63×3三通","个",10,14.15,141.5,"李丙申  王丛兰  王留刚"]
["∅32×1内置","个",10,22.62,226.2,"李丙申  王丛兰  王留刚"]
["婴儿床","套",4,780,3120,"李丙申  王丛兰  王留刚"]
["护栏","个",16,55,880,"李丙申  王丛兰  王留刚"]
["加厚爬行垫","个",2,90,180,"李丙申  王丛兰  王留刚"]

{"sheet":"Sheet2","index":1,"n_rows":0,"n_cols":0,"rows_kept":0}

{"sheet":"Sheet3","index":2,"n_rows":0,"n_cols":0,"rows_kept":0}